| 000 | 00988nas a2200325 4500 | ||
|---|---|---|---|
| 001 | BR0904940 | ||
| 003 | BR-BrBNA | ||
| 005 | 20231205113548.0 | ||
| 007 | ta | ||
| 008 | 230509b bl.|||p| |||| 00| 00por d | ||
| 040 |
_aBR-BrBNA _bpor _cBiblioteca Nacional de Agricultura |
||
| 041 | _a(Pt) | ||
| 072 | _aF08 | ||
| 100 | 1 | _aZárate, N.A.H. | |
| 100 | 1 | _aVieira, M. do C. | |
| 100 | 1 | _aGraciano, J.D. | |
| 100 | 1 | _aGassi, R.P. | |
| 100 | 1 | _aOno, F.B. | |
| 100 | 1 | _aAmadori, A.H. | |
| 245 | 1 | _aProdução de cebolinha, solteira e consorciada com rúcula, com e sem cobertura do solo com cama-de-frango | |
| 650 | _aCONSORCIAÇÃO DE CULTURA | ||
| 650 | _aRÚCULA | ||
| 650 | _aRESÍDUO ORGÂNICO | ||
| 650 | _aCEBOLINHA | ||
| 650 | _aCAMA DE GALINHEIRO | ||
| 650 | _aRENDIMENTO | ||
| 773 | 0 |
_tSemina. Ciências Agrárias (Brazil) _xISSN 1676-546X _g(Oct-Dec 2006), v. 27(4) p. 505-513 _wBR0904940 |
|
| 909 |
_a202311 _bLúcia _c55 _dLúcia Elande |
||
| 942 |
_2AGRIS _n0 _cANA |
||
| 999 |
_c204444 _d204444 |
||